000 00789cam a22002773a 4500
001 3239
003 PGUSA
005 20140828083029.0
008 020501s2002||||xxu|||||s|||||000 1 eng d
040 _aPGUSA
_beng
042 _adc
050 4 _aPS
100 1 _aMacGrath, Harold,
_d1871-1932
245 1 4 _aThe Puppet Crown
_h[electronic resource] /
_cHarold MacGrath
260 _bProject Gutenberg,
_c2002
506 _aPublic domain in the USA.
516 _aElectronic text
653 _aAdventure stories
653 _aAmericans -- Europe -- Fiction
653 _aImaginary places -- Fiction
653 _aEurope -- Fiction
653 _aKings and rulers -- Fiction
830 0 _aProject Gutenberg
_v3239
856 4 0 _uhttp://www.gutenberg.org/ebooks/3239
942 _cEB
999 _c232568
_d232568